[Event "ch-BLR, Minsk BLR"]
[Site "?"]
[Date "2005.??.??"]
[Round "2"]
[White "Dydyshko, V."]
[Black "Fedorov, Alex"]
[Result "1/2-1/2"]
[WhiteElo "2565"]
[BlackElo "2600"]
[PlyCount "58"]
[EventDate "2005.??.??"]
[SourceDate "1999.07.01"]

1. d4 Nf6 2. c4 g6 3. Nc3 Bg7 4. e4 d6 5. Nf3 O-O 6. Be2 e5 7. O-O Nc6 8. d5
Ne7 9. Nd2 c5 10. Rb1 Ne8 11. b4 b6 12. bxc5 bxc5 13. Nb3 f5 14. Bg5 h6 15. Bd2
Kh8 16. Nb5 Ng8 17. exf5 gxf5 18. f4 exf4 19. Qc1 Bd7 20. Nc3 Qf6 21. Rxf4 Qg6
22. Rf3 Nef6 23. Rg3 Qf7 24. Qc2 Ng4 25. Rf1 Qe7 26. Bd3 Be5 27. Bf4 Bxf4 28.
Rxf4 N8f6 29. Qd2 Rae8 1/2-1/2

[Event "ch-BLR, Minsk BLR"]
[Site "?"]
[Date "2005.??.??"]
[Round "4"]
[White "Dydyshko, V."]
[Black "Zhigalko, A."]
[Result "1/2-1/2"]
[WhiteElo "2565"]
[BlackElo "2530"]
[PlyCount "94"]
[EventDate "2005.??.??"]
[SourceDate "1999.07.01"]

1. d4 Nf6 2. c4 g6 3. Nc3 Bg7 4. e4 d6 5. Nf3 O-O 6. Be2 e5 7. O-O Na6 8. Be3
Ng4 9. Bg5 Qe8 10. dxe5 dxe5 11. Nd2 f6 12. Bh4 h5 13. a3 Nc5 14. b4 Ne6 15. c5
Nd4 16. Bc4+ Be6 17. Bxe6+ Qxe6 18. Nd5 Rf7 19. f3 Nh6 20. Bf2 c6 21. Bxd4 cxd5
22. exd5 Qxd5 23. Bb2 Rd7 24. Ne4 Rad8 25. Qxd5+ Rxd5 26. Rfc1 Nf7 27. Rc2 f5
28. Nf2 Rd2 29. Rac1 Bh6 30. Bc3 R2d5 31. Re1 Bd2 32. Bxd2 Rxd2 33. Rec1 Kf8
34. Kf1 Ke7 35. Rxd2 Rxd2 36. c6 bxc6 37. Rxc6 Nd6 38. Rc7+ Kf6 39. Rxa7 e4 40.
fxe4 fxe4 41. Ke1 e3 42. Nd1 Rxg2 43. Nxe3 Rxh2 44. a4 Ra2 45. b5 h4 46. b6 h3
47. Rh7 Rxa4 1/2-1/2

[Event "78th ch-City"]
[Site "St Petersburg RUS"]
[Date "2005.03.25"]
[Round "9"]
[White "Yevseev, D."]
[Black "Loginov, Va"]
[Result "0-1"]
[WhiteElo "2550"]
[BlackElo "2507"]
[PlyCount "120"]
[EventDate "2005.03.17"]
[EventType "tourn"]
[EventRounds "11"]
[EventCountry "RUS"]
[EventCategory "10"]
[Source "Mark Crowther"]
[SourceDate "2005.03.28"]

1. d4 Nf6 2. c4 g6 3. Nc3 Bg7 4. e4 d6 5. Be2 O-O 6. Nf3 e5 7. Be3 Na6 8. O-O
h6 9. Rb1 Ng4 10. Bc1 f5 11. dxe5 fxe4 12. Nxe4 Bf5 13. Qd5+ Kh8 14. Qxb7 Rb8
15. Qxa6 Bxe4 16. h3 Bxb1 17. hxg4 dxe5 18. Bxh6 Rxb2 19. Bxg7+ Kxg7 20. Qxa7
Rxe2 21. Rxb1 Rf7 22. Rf1 Qf6 23. Qc5 Qd6 24. Qa5 e4 25. Ng5 Re7 26. Nh3 Qe5
27. Qxe5+ Rxe5 28. Nf4 Rxa2 29. Rd1 Re7 30. Rd5 Ra1+ 31. Kh2 Rf1 32. Nh3 Kf7
33. Rc5 Ke8 34. Kg3 Kd7 35. Kh4 c6 36. Ra5 Kd6 37. Rg5 Re6 38. Nf4 Rh1+ 39. Kg3
e3 40. c5+ Ke7 41. fxe3 Rxe3+ 42. Kf2 Re4 43. g3 Rh6 44. Kf3 Kf6 45. Kxe4 Kxg5
46. Nd3 Rh8 47. Nb4 Re8+ 48. Kf3 Re5 49. Nd3 Re6 50. Nb4 Re5 51. Nd3 Rd5 52.
Ke4 Kxg4 53. Nf4 Rg5 54. Nd3 Rf5 55. Ne5+ Kg5 56. Nxc6 Rxc5 57. Ne5 Rc3 58.
Nf3+ Kg4 59. Ne5+ Kh5 60. Nf3 g5 0-1

[Event "Bundesliga 0405"]
[Site "Germany"]
[Date "2005.01.29"]
[Round "8.6"]
[White "Fish, Gennadij"]
[Black "Kindermann, Stefan"]
[Result "1/2-1/2"]
[WhiteElo "2523"]
[BlackElo "2536"]
[PlyCount "53"]
[EventDate "2004.11.12"]
[EventType "team"]
[EventRounds "15"]
[EventCountry "GER"]
[Source "ChessBase"]
[SourceDate "2005.06.06"]

1. d4 d6 2. Nf3 Nf6 3. c4 g6 4. Nc3 Bg7 5. e4 O-O 6. Be2 e5 7. O-O Na6 8. Re1
c6 9. Bf1 exd4 10. Nxd4 Ng4 11. h3 Qb6 12. hxg4 Qxd4 13. g5 Qe5 14. Qf3 Qe7 15.
Bf4 Be5 16. Rad1 Nc5 17. Qg3 f6 18. b4 Nd7 19. Qe3 a5 20. b5 Nc5 21. gxf6 Qxf6
22. Bg5 Qf7 23. f4 Bg7 24. Rxd6 Ne6 25. e5 Nxg5 26. fxg5 Bxe5 27. Qxe5 1/2-1/2

[Event "Bundesliga 0405"]
[Site "Germany"]
[Date "2005.01.30"]
[Round "9.2"]
[White "Ftacnik, Lubomir"]
[Black "Acs, Peter"]
[Result "1/2-1/2"]
[WhiteElo "2533"]
[BlackElo "2521"]
[PlyCount "90"]
[EventDate "2004.11.12"]
[EventType "team"]
[EventRounds "15"]
[EventCountry "GER"]
[Source "ChessBase"]
[SourceDate "2005.06.06"]

1. d4 Nf6 2. Nf3 g6 3. c4 Bg7 4. Nc3 O-O 5. e4 d6 6. Be2 e5 7. O-O Nc6 8. d5
Ne7 9. Ne1 Nd7 10. Nd3 f5 11. Bd2 Kh8 12. Rc1 c5 13. f4 a6 14. a4 Ng8 15. Qc2
Qe7 16. Rce1 exf4 17. exf5 g5 18. g4 fxg3 19. hxg3 Ne5 20. Nxe5 Qxe5 21. Kg2
Bxf5 22. Bd3 Bxd3 23. Qxd3 Qd4 24. Qxd4 cxd4 25. Ne4 h6 26. Nxd6 Rxf1 27. Rxf1
Nf6 28. b4 b6 29. Rf5 Kh7 30. Re5 Rf8 31. Ne4 Nxe4 32. Rxe4 Rd8 33. Re6 b5 34.
axb5 axb5 35. c5 Rxd5 36. c6 Rd8 37. Kf3 Kg8 38. Re7 Rc8 39. c7 Kf8 40. Rd7 Bf6
41. Ke4 Ke8 42. Rh7 Be7 43. Rxh6 Rxc7 44. Rb6 Rc2 45. Kd3 Rb2 1/2-1/2

[Event "Hastings"]
[Site "Hastings"]
[Date "2005.01.06"]
[Round "10"]
[White "Lalic, Bogdan"]
[Black "Kotronias, Vasilios"]
[Result "1/2-1/2"]
[WhiteElo "2515"]
[BlackElo "2599"]
[PlyCount "35"]
[EventDate "2004.12.28"]
[EventType "tourn"]
[EventRounds "10"]
[EventCountry "ENG"]
[Source "ChessBase"]
[SourceDate "2005.03.03"]

1. d4 Nf6 2. c4 g6 3. Nc3 Bg7 4. e4 d6 5. Nf3 O-O 6. Be2 e5 7. O-O Nc6 8. d5
Ne7 9. b4 Nh5 10. Re1 f5 11. Ng5 Nf6 12. Bf3 c6 13. Be3 h6 14. Ne6 Bxe6 15.
dxe6 Kh7 16. b5 fxe4 17. Nxe4 d5 18. Nxf6+ 1/2-1/2

[Event "Bermuda"]
[Site "Bermuda"]
[Date "2005.02.06"]
[Round "7"]
[White "Harikrishna, Penteala"]
[Black "Volokitin, Andrei"]
[Result "1/2-1/2"]
[WhiteElo "2632"]
[BlackElo "2685"]
[PlyCount "88"]
[EventDate "2005.01.30"]
[EventType "tourn"]
[EventRounds "10"]
[EventCountry "BER"]
[EventCategory "17"]
[Source "ChessBase"]
[SourceDate "2005.06.06"]

1. d4 Nf6 2. c4 g6 3. Nc3 Bg7 4. e4 d6 5. Nf3 O-O 6. Be2 e5 7. O-O Na6 8. Be3
Ng4 9. Bg5 Qe8 10. dxe5 dxe5 11. Qc1 c6 12. Rd1 f6 13. Bd2 f5 14. h3 Nf6 15.
exf5 gxf5 16. Bh6 e4 17. Nh4 Bxh6 18. Qxh6 Qf7 19. Qf4 Qc7 20. Qxc7 Nxc7 21. f3
exf3 22. Bxf3 Be6 23. Rd4 Rad8 24. Rad1 Rxd4 25. Rxd4 Nd7 26. b3 Ne5 27. Bd1
Kf7 28. Bc2 Kf6 29. Ne2 Ng6 30. Nf3 Rf7 31. Ng3 c5 32. Rd6 Ke7 33. Rd1 h6 34.
h4 Ne8 35. Kf2 Ng7 36. Rh1 Kf6 37. Rd1 Rd7 38. Ne2 Rxd1 39. Bxd1 Bd7 40. g3 Ne6
41. Ne1 f4 42. Nd3 fxg3+ 43. Nxg3 Bc6 44. Bf3 Bxf3 1/2-1/2

[Event "RUS-chT 1st League 12th"]
[Site "Smolensk"]
[Date "2005.02.07"]
[Round "6"]
[White "Popov, Valerij"]
[Black "Loginov, Valery A"]
[Result "0-1"]
[WhiteElo "2588"]
[BlackElo "2507"]
[PlyCount "92"]
[EventDate "2005.02.03"]
[EventType "team"]
[EventRounds "11"]
[EventCountry "RUS"]
[Source "ChessBase"]
[SourceDate "2005.03.03"]

1. d4 Nf6 2. c4 g6 3. Nc3 Bg7 4. e4 d6 5. Nf3 O-O 6. Be2 e5 7. Be3 Na6 8. d5
Ng4 9. Bg5 f6 10. Bh4 Qe8 11. Nd2 Nh6 12. Rb1 c5 13. a3 Nf7 14. f3 Bd7 15. b4
Qe7 16. Bd3 Bh6 17. Qe2 b6 18. Rb2 Nc7 19. O-O Bg5 20. Bf2 f5 21. Ra1 f4 22.
bxc5 bxc5 23. Rab1 Bh4 24. Bxh4 Qxh4 25. Bc2 Rfc8 26. Qd1 Qd8 27. Ba4 Qe8 28.
Bxd7 Qxd7 29. Nb3 Nd8 30. Na5 Kf8 31. Nb7 Nf7 32. Kf2 Ne8 33. Qb3 g5 34. Qb5
Qe7 35. Qa6 h5 36. Nb5 g4 37. Ke2 Rcb8 38. Nxa7 Qh4 39. Kd3 Qxh2 40. Nxc5 Rxb2
41. Ne6+ Kg8 42. Rxb2 Qg1 43. Rb7 Qxg2 44. Rxf7 Qxf3+ 45. Kd2 Qe3+ 46. Kd1 Qb3+
0-1

[Event "FRA-chT Top 16 GpB"]
[Site "Vandoeuvre"]
[Date "2005.02.04"]
[Round "1"]
[White "Bauer, Christian"]
[Black "Bologan, Viktor"]
[Result "1/2-1/2"]
[WhiteElo "2636"]
[BlackElo "2683"]
[PlyCount "90"]
[EventDate "2005.02.04"]
[EventType "team"]
[EventRounds "7"]
[EventCountry "FRA"]
[Source "ChessBase"]
[SourceDate "2005.06.06"]

1. d4 Nf6 2. c4 g6 3. Nc3 Bg7 4. Nf3 O-O 5. e4 d6 6. Be2 e5 7. O-O Nbd7 8. Re1
Re8 9. d5 Nh5 10. Bg5 Bf6 11. Be3 Be7 12. b4 Ng7 13. Rc1 f5 14. Bh6 Nf6 15. Nd2
Kh8 16. Bf3 Ng8 17. Bxg7+ Kxg7 18. a4 a5 19. bxa5 Rxa5 20. Nb3 Ra8 21. c5 Nf6
22. cxd6 Bxd6 23. Nd2 f4 24. Nb5 Bd7 25. Be2 Re7 26. Qb3 b6 27. Nxd6 cxd6 28.
Bb5 Bxb5 29. axb5 Nd7 30. Rc6 Nb8 31. Rc2 Rea7 32. h3 Nd7 33. Rc6 Nc5 34. Qb1
Ra4 35. Rf1 R8a7 36. Qc2 Ra2 37. Qc1 Rf7 38. Qd1 h5 39. Nc4 Nxe4 40. Qb1 f3 41.
Qxe4 Rf4 42. Qb1 fxg2 43. Qxa2 gxf1=Q+ 44. Kxf1 Qh4 45. Kg2 Rg4+ 1/2-1/2

[Event "Moscow Aeroflot op"]
[Site "Moscow"]
[Date "2005.02.18"]
[Round "4"]
[White "David, Alberto"]
[Black "Bologan, Viktor"]
[Result "0-1"]
[WhiteElo "2573"]
[BlackElo "2683"]
[PlyCount "64"]
[EventDate "2005.02.15"]
[EventType "swiss"]
[EventRounds "9"]
[EventCountry "RUS"]
[Source "ChessBase"]
[SourceDate "2005.06.06"]

1. d4 Nf6 2. c4 g6 3. Nc3 Bg7 4. e4 d6 5. Nf3 O-O 6. Be2 e5 7. Be3 Ng4 8. Bg5
f6 9. Bh4 Nd7 10. O-O Nh6 11. d5 g5 12. Bg3 f5 13. exf5 Nxf5 14. Nd2 Nd4 15.
Nde4 Nxe2+ 16. Qxe2 h6 17. b4 Nf6 18. h3 Bf5 19. Rfe1 Qd7 20. a3 Qf7 21. Nxf6+
Qxf6 22. c5 Qg6 23. Rac1 h5 24. Kh1 Rf7 25. f3 Raf8 26. Rcd1 g4 27. fxg4 hxg4
28. h4 Bf6 29. Ne4 Be7 30. cxd6 cxd6 31. Qd3 Qh7 32. Kg1 Bg6 0-1

[Event "Moscow Aeroflot op"]
[Site "Moscow"]
[Date "2005.02.19"]
[Round "5"]
[White "Atalik, Suat"]
[Black "Fedorov, Alexei"]
[Result "1/2-1/2"]
[WhiteElo "2560"]
[BlackElo "2603"]
[PlyCount "54"]
[EventDate "2005.02.15"]
[EventType "swiss"]
[EventRounds "9"]
[EventCountry "RUS"]
[Source "ChessBase"]
[SourceDate "2005.06.06"]

1. d4 Nf6 2. c4 g6 3. Nc3 Bg7 4. e4 d6 5. Nf3 O-O 6. Be2 e5 7. O-O Nc6 8. d5
Ne7 9. b4 Nh5 10. Qc2 a5 11. bxa5 Rxa5 12. Re1 f5 13. exf5 Nxf5 14. Bg5 Qd7 15.
Rad1 h6 16. Bd2 Nf6 17. Bd3 b6 18. a4 Ra8 19. Ra1 Qf7 20. Ra3 Bd7 21. Nb5 Ne8
22. a5 bxa5 23. Rxa5 Rxa5 24. Bxa5 c6 25. Nc3 Nf6 26. dxc6 Bxc6 27. Ne4 Nxe4
1/2-1/2

[Event "GER-ch 76th"]
[Site "Altenkirchen"]
[Date "2005.02.24"]
[Round "7"]
[White "Prusikin, Michael"]
[Black "Graf, Alexander"]
[Result "1/2-1/2"]
[WhiteElo "2540"]
[BlackElo "2637"]
[PlyCount "89"]
[EventDate "2005.02.18"]
[EventType "swiss"]
[EventRounds "9"]
[EventCountry "GER"]
[Source "ChessBase"]
[SourceDate "2005.06.06"]

1. d4 Nf6 2. Nf3 g6 3. c4 Bg7 4. Nc3 O-O 5. e4 d6 6. Be2 e5 7. Be3 Ng4 8. Bg5
f6 9. Bc1 Nh6 10. h4 Nc6 11. d5 Nd4 12. Nxd4 exd4 13. Nb5 Bd7 14. Nxd4 Qe7 15.
h5 g5 16. O-O Rae8 17. Bd3 f5 18. Nxf5 Nxf5 19. exf5 Bxf5 20. Be3 Bxd3 21. Qxd3
g4 22. Rae1 Qh4 23. g3 Qxh5 24. Bd4 Qf7 25. Bxg7 Qxg7 26. Re2 Re5 27. Rfe1 Rfe8
28. b3 a5 29. Qd1 h5 30. Qd3 b6 31. Rxe5 Rxe5 32. Rxe5 Qxe5 33. Qg6+ Kf8 34.
Qh7 Qa1+ 35. Kg2 Qxa2 36. Qxc7 Qxb3 37. Qxd6+ Ke8 38. Qe6+ Kd8 39. d6 Qf3+ 40.
Kg1 Qc6 41. Qe7+ Kc8 42. Qf8+ Kd7 43. Qe7+ Kc8 44. Qf8+ Kd7 45. Qe7+ 1/2-1/2

[Event "Bar Sozina op"]
[Site "Bar"]
[Date "2005.03.12"]
[Round "9"]
[White "Damljanovic, Branko"]
[Black "Djukic, Nikola"]
[Result "1-0"]
[WhiteElo "2587"]
[BlackElo "2504"]
[PlyCount "63"]
[EventDate "2005.03.04"]
[EventType "swiss"]
[EventRounds "9"]
[EventCountry "YUG"]
[Source "ChessBase"]
[SourceDate "2005.05.10"]

1. d4 Nf6 2. Nf3 g6 3. c4 Bg7 4. Nc3 O-O 5. e4 d6 6. Be2 e5 7. Be3 Ng4 8. Bg5
f6 9. Bc1 exd4 10. Nxd4 f5 11. h3 Nh6 12. exf5 Nxf5 13. Nxf5 Rxf5 14. O-O Nc6
15. Be3 Kh8 16. Qd2 Be6 17. b3 Rf7 18. Rad1 Ne7 19. Bd4 Nf5 20. Bxg7+ Kxg7 21.
Bf3 Rb8 22. Rfe1 Bd7 23. Ne4 h6 24. c5 Qf8 25. cxd6 Nxd6 26. Qd4+ Kh7 27. Nxd6
cxd6 28. Qxd6 Qxd6 29. Rxd6 Re8 30. Rxe8 Bxe8 31. Rd8 Re7 32. Bxb7 1-0

[Event "Athens Acropolis op"]
[Site "Athens"]
[Date "2005.03.12"]
[Round "7"]
[White "Nikolaidis, Ioannis"]
[Black "Kotronias, Vasilios"]
[Result "1/2-1/2"]
[WhiteElo "2520"]
[BlackElo "2585"]
[PlyCount "21"]
[EventDate "2005.03.06"]
[EventType "swiss"]
[EventRounds "9"]
[EventCountry "GRE"]
[Source "ChessBase"]
[SourceDate "2005.05.10"]

1. Nf3 Nf6 2. c4 g6 3. Nc3 Bg7 4. d4 O-O 5. e4 d6 6. Be2 e5 7. Be3 c6 8. d5 Ng4
9. Bg5 f6 10. Bh4 c5 11. O-O 1/2-1/2

[Event "Coventry op"]
[Site "Coventry"]
[Date "2005.03.26"]
[Round "4"]
[White "Wells, Peter K"]
[Black "Areshchenko, Alexander"]
[Result "0-1"]
[WhiteElo "2519"]
[BlackElo "2570"]
[PlyCount "110"]
[EventDate "2005.03.24"]
[EventType "swiss"]
[EventRounds "9"]
[EventCountry "ENG"]
[Source "ChessBase"]
[SourceDate "2005.05.10"]

1. d4 Nf6 2. c4 g6 3. Nc3 Bg7 4. e4 d6 5. Nf3 O-O 6. Be2 e5 7. O-O Nbd7 8. Be3
c6 9. d5 c5 10. Ne1 Ne8 11. g4 f5 12. exf5 gxf5 13. gxf5 Nb6 14. Nf3 Bxf5 15.
Ng5 Nf6 16. a4 Qe7 17. a5 Nbd7 18. a6 b6 19. Nb5 Rfc8 20. f4 Re8 21. Ra3 Nf8
22. fxe5 Qxe5 23. Rxf5 Qxf5 24. Nxd6 Qe5 25. Nxe8 Rxe8 26. Bh5 Nxh5 27. Qxh5
Re7 28. Bf2 Bf6 29. Rg3 Rg7 30. h4 Qxb2 31. Qe8 Qc1+ 32. Kh2 Bxg5 33. hxg5 Rf7
34. Qe2 Qf4 35. Kg2 Ng6 36. Rg4 Re7 37. Qd1 Qf5 38. Bg3 Ne5 39. Bxe5 Qxe5 40.
g6 h5 41. Rg3 Qb2+ 42. Kf1 Qa2 43. Qd3 Qa1+ 44. Kg2 Qe1 45. Kf3 h4 46. Rh3 Re8
47. d6 Kg7 48. Kg4 Qg1+ 49. Kf3 Rf8+ 50. Ke4 Qg2+ 51. Ke5 Qg5+ 52. Ke6 Re8+ 53.
Kd7 Qd8+ 54. Kc6 Qc8+ 55. Kd5 Qa8# 0-1

[Event "Neckar op 9th"]
[Site "Deizisau"]
[Date "2005.03.27"]
[Round "6"]
[White "Gurevich, Mikhail"]
[Black "Baklan, Vladimir"]
[Result "1/2-1/2"]
[WhiteElo "2634"]
[BlackElo "2578"]
[PlyCount "67"]
[EventDate "2005.03.24"]
[EventType "swiss"]
[EventRounds "9"]
[EventCountry "GER"]
[Source "ChessBase"]
[SourceDate "2005.05.10"]

1. d4 Nf6 2. c4 g6 3. Nc3 Bg7 4. e4 d6 5. Nf3 O-O 6. Be2 e5 7. O-O Nc6 8. d5
Ne7 9. Nd2 a5 10. a3 Bd7 11. Rb1 a4 12. b4 axb3 13. Nxb3 b6 14. Ra1 Qe8 15. Be3
Kh8 16. Nd2 Nfg8 17. a4 Bh6 18. Bxh6 Nxh6 19. a5 Nc8 20. axb6 Nxb6 21. Rxa8
Qxa8 22. c5 dxc5 23. Qc1 Kg7 24. Nb3 c4 25. Nd2 Qa5 26. Nxc4 Nxc4 27. Bxc4 c6
28. Qb2 Qc5 29. Be2 f6 30. Rc1 cxd5 31. Nxd5 Qd6 32. Rc7 Rf7 33. Qc3 Nf5 34.
exf5 1/2-1/2

[Event "Northeim op"]
[Site "Northeim"]
[Date "2005.04.16"]
[Round "5"]
[White "Epishin, Vladimir"]
[Black "Baklan, Vladimir"]
[Result "1/2-1/2"]
[WhiteElo "2605"]
[BlackElo "2584"]
[PlyCount "115"]
[EventDate "2005.04.14"]
[EventType "swiss"]
[EventRounds "7"]
[EventCountry "GER"]
[Source "ChessBase"]
[SourceDate "2005.05.10"]

1. d4 Nf6 2. c4 g6 3. Nc3 Bg7 4. e4 d6 5. Nf3 O-O 6. Be2 e5 7. O-O Nc6 8. d5
Ne7 9. b4 Nh5 10. Qc2 a5 11. bxa5 Rxa5 12. Re1 c5 13. dxc6 bxc6 14. Be3 Nf4 15.
Rad1 Bg4 16. Qd2 Nxe2+ 17. Qxe2 d5 18. cxd5 cxd5 19. exd5 Nxd5 20. Qd2 Be6 21.
Ng5 Qa8 22. Nxe6 fxe6 23. a4 Rc8 24. Nxd5 exd5 25. Bb6 Rxa4 26. Qxd5+ Qxd5 27.
Rxd5 Rb4 28. Be3 Rcb8 29. Rdd1 R8b7 30. g3 Kf7 31. Kg2 Bf6 32. Rc1 Rd7 33. Rc6
Ra4 34. Re2 Rb7 35. h4 Rd7 36. Rb2 e4 37. Rbc2 Rb4 38. Ra6 Bg7 39. h5 Bd4 40.
Bxd4 Rbxd4 41. hxg6+ hxg6 42. Rcc6 Re7 43. Rf6+ Ke8 44. Rxg6 e3 45. fxe3 Rxe3
46. Raf6 Ke7 47. Rf2 Rdd3 48. Rg7+ Ke6 49. Rf8 Ra3 50. Kh3 Rf3 51. Rb8 Rfb3 52.
Re8+ Kf6 53. Rgg8 Rb7 54. Re4 Rh7+ 55. Kg2 Ra2+ 56. Kf3 Ra3+ 57. Kf4 Rha7 58.
g4 1/2-1/2

[Event "Lenk op"]
[Site "Lenk"]
[Date "2005.04.28"]
[Round "7"]
[White "Tukmakov, Vladimir B"]
[Black "Gallagher, Joseph G"]
[Result "1-0"]
[WhiteElo "2558"]
[BlackElo "2535"]
[PlyCount "61"]
[EventDate "2005.04.24"]
[EventType "swiss"]
[EventRounds "7"]
[EventCountry "SUI"]
[Source "ChessBase"]
[SourceDate "2005.05.10"]

1. Nf3 d6 2. d4 Nf6 3. c4 g6 4. Nc3 Bg7 5. e4 O-O 6. Be2 e5 7. O-O Na6 8. Re1
c6 9. Bf1 Bg4 10. d5 Ne8 11. Rb1 c5 12. a3 Bd7 13. b4 f5 14. Ng5 Nec7 15. Nb5
f4 16. Nxc7 Nxc7 17. bxc5 Qxg5 18. Rxb7 Qd8 19. c6 Bc8 20. c5 Bxb7 21. cxb7 Rb8
22. c6 f3 23. g3 h5 24. Be3 a6 25. Ba7 h4 26. Bxb8 Qxb8 27. Re3 hxg3 28. hxg3
Qa7 29. Rxf3 Rb8 30. Rb3 Qd4 31. Qg4 1-0

[Event "Schagen rapid 25'+5"]
[Site "Schagen"]
[Date "2005.05.01"]
[Round "4"]
[White "L'Ami, Erwin"]
[Black "Stellwagen, Daniel"]
[Result "1/2-1/2"]
[WhiteElo "2516"]
[BlackElo "2512"]
[PlyCount "68"]
[EventDate "2005.04.30"]
[EventType "tourn (rapid)"]
[EventRounds "6"]
[EventCountry "NED"]
[EventCategory "12"]
[Source "ChessBase"]
[SourceDate "2005.07.12"]

1. d4 Nf6 2. Nf3 g6 3. c4 Bg7 4. Nc3 O-O 5. e4 d6 6. Be2 e5 7. O-O Nc6 8. d5
Ne7 9. Ne1 Nd7 10. f3 f5 11. g4 Kh8 12. Be3 Ng8 13. Qd2 Ngf6 14. Nd3 Nb6 15.
Nf2 f4 16. Bxb6 axb6 17. Kg2 Nd7 18. Rh1 Bf6 19. b4 h5 20. Rag1 Bh4 21. h3 Kg7
22. Kf1 Rh8 23. Bd1 Qe7 24. Nd3 Nf6 25. Qg2 Bd7 26. Qb2 Kf7 27. Bb3 g5 28. Qc2
Kg7 29. Ba4 c6 30. dxc6 bxc6 31. Bb3 Rh6 32. c5 dxc5 33. bxc5 b5 34. Ne2 hxg4
1/2-1/2

[Event "Djakovo op-A"]
[Site "Djakovo"]
[Date "2005.05.04"]
[Round "5"]
[White "Kozul, Zdenko"]
[Black "Nevednichy, Vladislav"]
[Result "1/2-1/2"]
[WhiteElo "2591"]
[BlackElo "2566"]
[PlyCount "151"]
[EventDate "2005.05.01"]
[EventType "swiss"]
[EventRounds "9"]
[EventCountry "CRO"]
[Source "ChessBase"]
[SourceDate "2005.07.11"]

1. d4 Nf6 2. Nf3 g6 3. c4 Bg7 4. Nc3 O-O 5. e4 d6 6. Be2 e5 7. O-O Nc6 8. d5
Ne7 9. Ne1 Nd7 10. Nd3 f5 11. Bd2 fxe4 12. Nxe4 Nf5 13. Bc3 b6 14. b4 Nf6 15.
Bf3 Nh4 16. Nxf6+ Qxf6 17. Be4 Bf5 18. Qe2 Bxe4 19. Qxe4 Qg5 20. Rad1 Rae8 21.
Bd2 Qd8 22. b5 Nf5 23. Bc3 Qc8 24. Nb4 Rf7 25. Rde1 Ref8 26. Qg4 Bh6 27. Re4
Qd8 28. Nc6 Qa8 29. Rfe1 a6 30. a4 axb5 31. cxb5 Ng7 32. Qh4 Nf5 33. Qh3 Bg5
34. Rg4 Bh6 35. Rc4 Bg5 36. g3 Ne7 37. Qe6 Nf5 38. f4 exf4 39. h4 Bd8 40. h5
Ng7 41. Bxg7 Kxg7 42. hxg6 hxg6 43. gxf4 Bf6 44. Re2 Rh8 45. Rg2 Rh6 46. Re4
Qh8 47. Qg4 Rh1+ 48. Kf2 Qh5 49. Nd4 Bxd4+ 50. Rxd4 Qh6 51. Qg5 Rh4 52. Qxh6+
Kxh6 53. Kf3 Rf5 54. Rg4 Rh3+ 55. Rg3 Rhh5 56. Ke4 Rh4 57. Ke3 Rhh5 58. Re4 Kg7
59. Re7+ Rf7 60. Rxf7+ Kxf7 61. Ke4 Kf6 62. Rc3 Rh7 63. Rc1 Re7+ 64. Kf3 g5 65.
fxg5+ Kxg5 66. Rc4 Rh7 67. Rf4 Rh3+ 68. Ke4 Kg6 69. Rg4+ Kf6 70. Rf4+ Ke7 71.
Rg4 Ra3 72. Kf5 Kd7 73. Rg7+ Kc8 74. Rg8+ Kb7 75. Rg4 Re3 76. Re4 1/2-1/2

[Event "FRA-chT Top 16 GpB"]
[Site "Port Barcares"]
[Date "2005.05.04"]
[Round "8"]
[White "Bacrot, Etienne"]
[Black "Relange, Eloi"]
[Result "1/2-1/2"]
[WhiteElo "2731"]
[BlackElo "2500"]
[PlyCount "54"]
[EventDate "2005.05.04"]
[EventType "team"]
[EventRounds "11"]
[EventCountry "FRA"]
[Source "ChessBase"]
[SourceDate "2005.05.28"]

1. d4 Nf6 2. c4 g6 3. Nc3 Bg7 4. e4 d6 5. Nf3 O-O 6. Be2 e5 7. Be3 Ng4 8. Bg5
f6 9. Bh4 g5 10. Bg3 Nh6 11. d5 a5 12. Nd2 Na6 13. a3 Qe8 14. f3 Bd7 15. Bf2 a4
16. Nb5 Qe7 17. Qxa4 c6 18. Nc3 f5 19. Qc2 g4 20. O-O-O gxf3 21. gxf3 fxe4 22.
Ndxe4 Nf5 23. Rhg1 Kh8 24. Rd3 Nd4 25. Qd1 Nc5 26. Nxc5 dxc5 27. Ne4 cxd5
1/2-1/2

[Event "Jinan Torch Cup"]
[Site "Wuxi"]
[Date "2005.05.08"]
[Round "7"]
[White "Wu Shaobin"]
[Black "Peng Xiaomin"]
[Result "0-1"]
[WhiteElo "2513"]
[BlackElo "2590"]
[PlyCount "100"]
[EventDate "2005.05.08"]
[EventType "team"]
[EventRounds "13"]
[EventCountry "CHN"]
[Source "ChessBase"]
[SourceDate "2005.07.11"]

1. d4 Nf6 2. c4 g6 3. Nc3 Bg7 4. e4 d6 5. Nf3 O-O 6. Be2 e5 7. Be3 Ng4 8. Bg5
f6 9. Bc1 Nc6 10. dxe5 dxe5 11. Nd5 f5 12. O-O Nf6 13. exf5 gxf5 14. Bg5 Be6
15. Rc1 Kh8 16. Re1 Qd7 17. Nxf6 Bxf6 18. Bxf6+ Rxf6 19. Qxd7 Bxd7 20. Rcd1 Rf7
21. Rd2 Re7 22. Bd1 Kg7 23. Ba4 Kf6 24. Rde2 Rae8 25. Bxc6 Bxc6 26. Nd2 a5 27.
f3 Rd8 28. f4 Rdd7 29. Kf2 exf4 30. Rxe7 Rxe7 31. Rxe7 Kxe7 32. Nb3 a4 33. Nd4
Kd6 34. Nxf5+ Kc5 35. b3 Be4 36. Ng7 a3 37. Ne6+ Kb4 38. Nxf4 Kc3 39. Ke3 Bb1
40. Nd5+ Kb2 41. Nxc7 Bxa2 42. Nb5 Bxb3 43. Nxa3 Kxa3 44. c5 Kb4 45. Kd4 Kb5
46. g4 Bd1 47. g5 Kc6 48. h4 Be2 49. Ke3 Bh5 50. Kd4 Bf7 0-1

[Event "Maastricht m"]
[Site "Maastricht"]
[Date "2005.05.10"]
[Round "1"]
[White "Van Wely, Loek"]
[Black "Stellwagen, Daniel"]
[Result "0-1"]
[WhiteElo "2687"]
[BlackElo "2532"]
[PlyCount "82"]
[EventDate "2005.05.10"]
[EventType "match"]
[EventRounds "4"]
[EventCountry "NED"]
[Source "ChessBase"]
[SourceDate "2005.05.28"]

1. d4 Nf6 2. c4 g6 3. Nc3 Bg7 4. e4 d6 5. Nf3 O-O 6. Be2 e5 7. O-O Nc6 8. d5
Ne7 9. b4 Nh5 10. Re1 f5 11. Ng5 Nf6 12. f3 Nh5 13. c5 Nf4 14. Bc4 Kh8 15. Rb1
dxc5 16. bxc5 Nexd5 17. Nxd5 Qxg5 18. Nxf4 exf4 19. e5 Qe7 20. Qb3 Re8 21. Bxf4
b6 22. Qe3 Be6 23. Bb5 Rec8 24. Bc6 Rab8 25. Rbc1 Bf8 26. Bg5 Qxc5 27. Rxc5
Bxc5 28. Kf2 Bxe3+ 29. Kxe3 b5 30. Kd4 b4 31. Kc5 b3 32. axb3 Rxb3 33. Bd5 Bxd5
34. Kxd5 Kg7 35. Ke6 c5 36. Bf6+ Kf8 37. Kd7 Re8 38. Bg7+ Kf7 39. e6+ Rxe6 40.
Rxe6 Kxg7 41. h4 Kh6 0-1

[Event "Livry Gargan op 1st"]
[Site "Livry Gargan"]
[Date "2005.05.15"]
[Round "9"]
[White "Shchekachev, Andrei"]
[Black "David, Alberto"]
[Result "0-1"]
[WhiteElo "2526"]
[BlackElo "2579"]
[PlyCount "72"]
[EventDate "2005.05.15"]
[EventType "swiss (rapid)"]
[EventRounds "9"]
[EventCountry "BEL"]
[Source "ChessBase"]
[SourceDate "2005.07.11"]

1. Nf3 Nf6 2. c4 g6 3. Nc3 Bg7 4. e4 d6 5. d4 O-O 6. Be2 e5 7. Be3 Ng4 8. Bg5
f6 9. Bh4 Nc6 10. d5 Ne7 11. Nd2 Nh6 12. f3 g5 13. Bf2 f5 14. h3 Ng6 15. g4
fxg4 16. hxg4 Qf6 17. Be3 Nf4 18. Bf1 c5 19. Rb1 b6 20. b4 Bd7 21. Rh2 Nf7 22.
bxc5 dxc5 23. a4 h5 24. gxh5 Bh6 25. Bf2 Kh8 26. a5 Rg8 27. axb6 axb6 28. Qb3
Rab8 29. Kd1 g4 30. fxg4 Rxg4 31. Bxc5 Rg3 32. Bf2 Qg5 33. Rb2 Rg1 34. Kc2 Ne2
35. Kb1 Rxf1+ 36. Nd1 Rxd1+ 0-1